Smích prodlužuje život! 11 /
Smích prodlužuje život! ..aneb Usmívejte se na život a život se bude usmívat na vás a také Humor je boj s lidskou hloupostí (Werich), Veselost je druhem odvahy (Hemingway), Humor a vtip jsou příjemné a často mimořádně užitečné (Cicero Marcus Tullius) Humor a satira jsou jako milenec a milenka; kde j...
Uloženo v:
| Hlavní autor: | |
|---|---|
| Další autoři: | , , , , |
| Médium: | E-audiokniha |
| Vydáno: |
Praha :
Supraphon a.s.,
2025
|
| Tagy: |
Žádné tagy |
| LEADER | 02646nim a22004217i 4500 | ||
|---|---|---|---|
| 001 | 302600 | ||
| 007 | sr nunnnnnnned | ||
| 024 | |a 099925134921 | ||
| 044 | |a xr | ||
| 100 | 1 | |a neuveden, |4 aut | |
| 245 | 1 | 0 | |a Smích prodlužuje život! 11 / |c neuveden, |
| 264 | 1 | |a Praha : |b Supraphon a.s., |c 2025 | |
| 300 | |a 1 online zdroj (1 hod., 16 min., 48 sek.) | ||
| 336 | |a mluvené slovo |b spw |2 rdacontent | ||
| 337 | |a audio |b s |2 rdamedia | ||
| 338 | |a online zdroj |b cr |2 rdacarrier | ||
| 505 | 0 | 0 | |t Dánové v Praze (15 min., 0 sek.) |
| 505 | 0 | 0 | |t Poruchy. Anekdota z nádraží (2 min., 40 sek.) |
| 505 | 0 | 0 | |t Pilch - autorské okénko (3 min., 6 sek.) |
| 505 | 0 | 0 | |t Eduard Martinec vypovídá (4 min., 33 sek.) |
| 505 | 0 | 0 | |t Návštěvní den I. - 2. část-Domov (soubor 'minifejetonů' J. Veldy) (6 min., 47 sek.) |
| 505 | 0 | 0 | |t Akce rodičovské sdružení (3 min., 13 sek.) |
| 505 | 0 | 0 | |t Vaše žena je podobná mé známé (5 min., 58 sek.) |
| 505 | 0 | 0 | |t Řekni mi, s kým spíš a já ti povím, jaký jsi! (8 min., 15 sek.) |
| 505 | 0 | 0 | |t Rodiče a děti neboli Proč se teta Sára maluje? (7 min., 4 sek.) |
| 505 | 0 | 0 | |t Hrdý Budžes - výběr-Jak byla Olinka mrtvá (10 min., 58 sek.) |
| 505 | 0 | 0 | |t Hrdý Budžes - výběr-Jak to všechno dobře dopadlo (3 min., 27 sek.) |
| 505 | 0 | 0 | |t Tchyně (5 min., 53 sek.) |
| 520 | 2 | |a Smích prodlužuje život! ..aneb Usmívejte se na život a život se bude usmívat na vás a také Humor je boj s lidskou hloupostí (Werich), Veselost je druhem odvahy (Hemingway), Humor a vtip jsou příjemné a často mimořádně užitečné (Cicero Marcus Tullius) Humor a satira jsou jako milenec a milenka; kde jednoho není, tam druhý smutně hledí (Jan Neruda) a nakonec: Anekdoty nemají autora, nýbrž vypravěče... Již jedenáctý díl naší řady Smích prodlužuje život! vám představuje plejádu vypravěčů, kteří vás jistě pobaví. Jsou to: Jiří Štuchal, Jiří Lír, Miloslav Šimek a Jiří Grossmann, Josef Velda, František Nepil, Miroslav Moravec, Václav Postránecký, Barbora Hrzánová, Josef Somr a další. | |
| 700 | 1 | |a Štuchal, Jiří |4 nrt | |
| 700 | 1 | |a Postránecký, Václav |4 nrt | |
| 700 | 1 | |a Moravec, Miroslav |4 nrt | |
| 700 | 1 | |a Hrzánová, Barbora |4 nrt | |
| 700 | 1 | |a Grossmann, Jiří |4 nrt | |
| 910 | |a RBIT002 | ||
| 998 | |d 426739 |a https://core.palmknihy.cz/api/books/426739/cover?telfsp |b https://core.palmknihy.cz/api/books/426739/cover/400?telfsp |c https://core.palmknihy.cz/api/books/426739/cover/50?telfsp |e 2099-01-01 |i 099925134921 |l 4608 |q 49 |r 1 |s https://www.palmknihy.cz/kniha/426739 |t audiobook |y 2025 |z 1 | ||
| 999 | |d 302598 | ||